| 000 | 00836nmc a2200301 a 4500 | ||
|---|---|---|---|
| 003 | AR-BaBNM | ||
| 005 | 20251128203703.0 | ||
| 008 | 011101s1991 ||||||||||||||000 | spa|| | ||
| 020 | _a84-7509-661-1 | ||
| 040 | _cAR-BaBNM | ||
| 100 | 1 | _aChadwick, Clifton B. | |
| 245 | 1 | 0 | _aEvaluación formativa para el docente |
| 250 | _a1ª ed. | ||
| 260 |
_aBarcelona _bPaidós _c1991 |
||
| 300 | 0 |
_a183 p. _bdiagr. |
|
| 490 | 0 |
_aPaidós educador _vv. 99 |
|
| 500 | 0 | _aContiene referencias bibliográficas | |
| 650 | 4 | _aPROCESO DE APRENDIZAJE | |
| 650 | 4 | _aOBJETIVOS EDUCACIONALES | |
| 650 | 4 | _aEVALUACION DEL ALUMNO | |
| 650 | 4 | _aMETODOS DE EVALUACION | |
| 650 | 4 | _aPRUEBAS DE RENDIMIENTO | |
| 650 | 4 | _aTECNICAS DE EVALUACION | |
| 653 | _aEVALUACION EDUCATIVA | ||
| 700 | 1 | _aRivera I., Nelson | |
| 942 | _cBK | ||
| 998 | _cSILVI | ||
| 999 |
_c4491 _d4491 |
||